Personnages de la pop culture, de A à Z - Statistiques

Statistiques générales
  • Ce quiz a été pris 650 fois
  • Le résultat moyen est 16 sur 26
Statistiques - réponses
Indice Réponse % Correct
Elle suit le lapin blanc à travers le pays des merveilles Alice
100%
Plombier italien moustachu, cherche régulièrement à délivrer une princesse Mario
95%
Célèbre héros de la mythologie grecque qui dut accomplir 12 travaux Hercule
91%
Petit chien blanc suivant comme son ombre un porteur de menhirs gaulois Idéfix
90%
Directeur de l'école de sorcellerie Poudlard lorsque Harry Potter y entre Dumbledore
89%
Ennemi du chevalier noir duquel s'éprend Harley Quinn Joker
88%
Chat bleu qui aura bien des tracas avec 3 cafards Oggy
88%
Pokemon souris de type electrik, refusé obstinément de loger dans une pokeball Pikachu
88%
Poupée de film d'horreur possédée par l'esprit d'un criminel Chucky
87%
Créature cherchant à tout prix à récupérer son "précieux" Gollum
86%
Puissant Jedi ne communiquant que par phrases déstructurées Yoda
81%
Protagoniste principal de la série des Legend of Zelda Link
74%
Petite fille dotée de pouvoirs spéciaux, adoptée par le shérif d'Hawkins Eleven
69%
Grand père de Morty et Summer, scientifique de génie Rick
66%
Docteur et acolyte du plus célèbre des détectives Watson
63%
Nom d'un professeur dur d'oreille souvent aux cotés d'un reporter et d'un capitaine porté sur la boisson Tournesol
56%
Fils du 7ème Hokage Boruto
52%
Prince des Saiyens, extrêmement fier Végéta
48%
Membre de l'équipage du chapeau de paille doté d'une grande précision au tir Usopp
41%
Criminel ridiculisant à plusieurs reprises le commissaire Juve, campé par De Funès Fantomas
39%
Élu qui fut guidé par Morpheus Néo
36%
Race extraterrestre terrifiante naissant en déchirant la cage thoracique de son porteur Xenomorphe
29%
Acolyte de Perceval, chevalier de la table ronde et très fin gourmet Karadoc
25%
Mythique antagoniste du héros du jeu Final Fantasy VII, manie Masamune Sephiroth
15%
Voisin particulièrement obsédé de la famille Griffin Quagmire
11%
Catcheur russe de la série des Street Fighter Zangief
9%
Aucun quiz correspondant
Distribution des résultats
% des personnes avec chaque résultat
Percentile par nombre de réponses
Votre historique - résultats
Vous n’avez pas pris ce quiz